Kúpele Vyšné Ružbachy

Zobrazenie: Pohľad na kúpele. V popredí vidno bazén, v ňom je niekoľko ľudí, okolo bazéna, v pozadí je množstvo ľudí. Vľavo v popredí stojí jeden mladý muž. V pozadí za bazénom vidno poschodový kúpeľný dom. Vpravo v pozadí je vidno okraj ďalšieho kúpeľného domu. Vľavo pred budovou je vysoký ihličnat...

Full description

Bibliographic Details
Other Authors: Rozman, Ladislav, 1898-1986 (Photographer)
Format: Postcard
Language:Slovak
PhysicalDescription:1 pohľadnica farebná 11 x 15 cm
Published: Bratislava Pressfoto 1971
Subjects:

MARC

LEADER 00000nkm a2200000 a 4500
001 vtls012004512
003 SK-MaSNL
005 20260512123219.0
007 kp co
008 231121s1971 xo g 0kuslo
015 |a SNBG1971 
035 |a urn:nbn:sk:snk-km00gidk 
035 |a 71C0C450-9B11-4204-829D-E200DF9D8BEC 
040 |a SNK  |b slo  |c SNK  |e AACR2 
041 0 |a slo 
043 |a e-xo--- 
044 |a xo  |c SK 
072 7 |a 913  |x Regionálna geografia  |2 konspekt 
080 |a 913(437.6)  |2 2011 
080 |a 908(437.6)  |2 2011 
080 |a 725.1:615.838  |2 2011 
080 |a 725.1:613.47  |2 2011 
080 |a 711.455:615.838  |2 2011 
080 |a 630*10  |2 2011 
080 |a (084.121)  |2 2011 
100 1 |a Rozman, Ladislav,  |d 1898-1986  |4 pht  |9 5062 
245 1 0 |a Kúpele Vyšné Ružbachy  |h grafika  |c foto: L. Rozman 
260 |a Bratislava  |b Pressfoto  |c 1971 
300 |a 1 pohľadnica  |b farebná  |c 11 x 15 cm 
520 8 |a Zobrazenie: Pohľad na kúpele. V popredí vidno bazén, v ňom je niekoľko ľudí, okolo bazéna, v pozadí je množstvo ľudí. Vľavo v popredí stojí jeden mladý muž. V pozadí za bazénom vidno poschodový kúpeľný dom. Vpravo v pozadí je vidno okraj ďalšieho kúpeľného domu. Vľavo pred budovou je vysoký ihličnatý strom. V pozadí za budovou je hustý ihličnatý les 
650 0 7 |a kúpele  |2 SNKPH  |9 1139 
650 0 7 |a kúpeľné budovy  |2 SNKPH  |9 102104 
650 0 7 |a bazény  |2 SNKPH  |9 30214 
650 0 7 |a lesy  |2 SNKPH  |9 1437 
651 7 |a Vyšné Ružbachy (Slovensko)  |2 SNKPHgeo  |9 22374 
655 7 |a miestne pohľadnice  |2 SNKPH  |9 70510 
655 7 |a geografické pohľadnice  |2 SNKPH  |9 70522 
852 |a Slovenská národná knižnica 
958 |a GBN 
958 |a GC 
958 |a OND 
958 |a EUIPO 
999 |c 696355  |d 698285 
952 |a SNK  |b SNK  |y PREZ  |7 0  |p 17A1245001  |o snkSP 43337  |8 0  |z Pohľadnica prešla poštou.  |0 0  |1 0  |4 0  |d 2020-11-24  |f 1  |l 0  |r 2026-02-23 20:42:27  |w 2026-02-23 
952 |a SNK  |b SNK  |y PREZ  |7 0  |p 17A1409188  |o snkSP 43337 D1  |8 0  |z Pohľadnica prešla poštou.  |0 0  |1 0  |4 0  |d 2020-11-24  |l 0  |r 2026-02-23 20:42:27  |w 2026-02-23